ბათუმის შოთა რუსთაველის სახელმწიფო უნივერსიტეტის ბიბლიოთეკა

Справочник по внутренним водопроводу, канализации и водостокам(проектирование,конструкции, оборудование и расчет). (ბიბ.ჩანაწერი № 47884)

000 -LEADER
fixed length control field 00880nam a2200205Ia 4500
001 - CONTROL NUMBER
control field 14761
003 - CONTROL NUMBER IDENTIFIER
control field GE_BSU
008 - FIXED-LENGTH DATA ELEMENTS--GENERAL INFORMATION
fixed length control field 181216s||||||||xx |||||||||||||| ||und||
040 ## - CATALOGING SOURCE
Transcribing agency GE_BSU
080 ## - UNIVERSAL DECIMAL CLASSIFICATION NUMBER
Universal Decimal Classification number 696/697(035)+628
100 ## - MAIN ENTRY--PERSONAL NAME
Personal name Спышков,П.А. Шнееров,А.И.
245 ## - TITLE STATEMENT
Title Справочник по внутренним водопроводу, канализации и водостокам(проектирование,конструкции, оборудование и расчет).
245 ## - TITLE STATEMENT
Statement of responsibility, etc. Науч. ред. Г.А.Штеккер.
260 ## - PUBLICATION, DISTRIBUTION, ETC.
Place of publication, distribution, etc. М.
260 ## - PUBLICATION, DISTRIBUTION, ETC.
Name of publisher, distributor, etc. Гос. изд-во лит. по строительству иархитектуре.
260 ## - PUBLICATION, DISTRIBUTION, ETC.
Date of publication, distribution, etc. 1954.
300 ## - PHYSICAL DESCRIPTION
Extent с илл. 21 см.
653 ## - INDEX TERM--UNCONTROLLED
Uncontrolled term Справочник по внутренним водопроводу, канализации и водостокам
942 ## - ADDED ENTRY ELEMENTS (KOHA)
Koha item type წიგნი
ეგზემპლარები
Withdrawn status Lost status Damaged status Not for loan Date acquired Barcode Date last seen Price effective from Koha item type
        2018-12-17 10259 2018-12-17 2018-12-17 წიგნი